Обзор технологии облучения интенсивным ионным пучком для применения в области материаловедения в Томском политехническом университете; Нанотехнологии функциональных материалов (НФМ'16) : труды международной научно-технической конференции, 21-25 июня 2016 г.; Т. 1

Detalles Bibliográficos
Parent link:Нанотехнологии функциональных материалов (НФМ'16) : труды международной научно-технической конференции, 21-25 июня 2016 г.=Nanotechnologies of functional materials (NFM'16): [в 2 т.].— , 2016
Т. 1.— 2016.— С. 139-145
Autor Principal: Жунусова А. Б. Айман Бауржановна
Autor Corporativo: Национальный исследовательский Томский политехнический университет
Outros autores: Исакова Ю. И. Юлия Ивановна
Summary:В фонде НТБ ТПУ отсутствует
Idioma:ruso
Publicado: 2016
Series:Аморфные, нанокристаллические и наноструктурные металлические материалы
Subjects:
Formato: Capítulo de libro
KOHA link:https://koha.lib.tpu.ru/cgi-bin/koha/opac-detail.pl?biblionumber=602729

MARC

LEADER 00000naa0a2200000 4500
001 602729
005 20250916154409.0
035 |a (RuTPU)RU\TPU\tpu\29006 
090 |a 602729 
100 |a 20170505d2016 k y0rusy50 ca 
101 0 |a rus 
102 |a RU 
200 1 |a Обзор технологии облучения интенсивным ионным пучком для применения в области материаловедения в Томском политехническом университете  |f А. Б. Жунусова, Ю. И. Исакова 
225 1 |a Аморфные, нанокристаллические и наноструктурные металлические материалы 
333 |a В фонде НТБ ТПУ отсутствует 
461 1 |t Нанотехнологии функциональных материалов (НФМ'16) : труды международной научно-технической конференции, 21-25 июня 2016 г.  |o [в 2 т.]  |l Nanotechnologies of functional materials (NFM'16)  |d 2016 
463 1 |t Т. 1  |v С. 139-145  |d 2016 
610 1 |a труды учёных ТПУ 
610 1 |a облучение 
610 1 |a ионные пучки 
610 1 |a материаловедение 
610 1 |a ТПУ 
700 1 |a Жунусова  |b А. Б.  |g Айман Бауржановна 
701 1 |a Исакова  |b Ю. И.  |c физик  |c доцент Томского политехнического университета, кандидат технических наук  |f 1988-  |g Юлия Ивановна  |3 (RuTPU)RU\TPU\pers\26408  |9 12112 
712 0 2 |a Национальный исследовательский Томский политехнический университет  |c (2009- )  |9 26305 
801 1 |a RU  |b 63413507  |c 20170505 
801 2 |a RU  |b 63413507  |c 20170505  |g RCR 
850 |a 63413507 
942 |c BK